J.M. Barrie /

Bibliographic Details
Main Author: Ormond, Leonée, 1940-
Format: Book
Language:English
Published: Edinburgh : Scottish Academic Press, 1987.
Series:Scottish writers.
Subjects:

MARC

Tag First Indicator Second Indicator Subfields
LEADER 00000cam a2200000 a 4500
001 in00000013127
005 20151007052330.0
008 870819s1987 stk b 00010beng d
010 |a gb 87014193  
015 |a GB87-14193 
020 |a 0707305047 (pbk) :  |c £4.95 : CIP confirmed 
035 |a (OCoLC)15284358 
035 |9 AAA7338AM 
040 |a UKM  |c UKM  |d UtOrBLW 
049 |a TXAM  |c [A12578765] 
050 1 0 |a PR4076 
050 4 |a PR4076  |b .O75 1987 
082 0 |a 822/.8  |2 19 
100 1 |a Ormond, Leonée,  |d 1940- 
245 1 0 |a J.M. Barrie /  |c Leonee Ormond. 
264 1 |a Edinburgh :  |b Scottish Academic Press,  |c 1987. 
300 |a 154 pages ;  |c 18 cm. 
336 |a text  |b txt  |2 rdacontent 
337 |a unmediated  |b n  |2 rdamedia 
338 |a volume  |b nc  |2 rdacarrier 
490 1 |a Scottish writers 
504 |a Includes bibliography. 
650 0 |a Authors, Scottish  |y 19th century  |v Biography. 
650 0 |a Authors, Scottish  |y 20th century  |v Biography. 
830 0 |a Scottish writers. 
999 |a MARS 
999 f f |s 9213b920-d169-3ab0-b1ab-c54f5209b25d  |i e100d3a8-d1be-3bc2-a3aa-3b0fb34cf789  |t 0 
952 f f |p normal  |a Texas A&M University  |b College Station  |c Sterling C. Evans Library  |d Evans: Library Stacks  |t 0  |e PR4076 .O75 1987  |h Library of Congress classification  |i unmediated -- volume  |m A14812578765 
998 f f |a PR4076 .O75 1987  |t 0  |l Evans: Library Stacks